00645nam a22002177a 450000500170000001000110001702000220002803500110005003700160006104000120007708200170008910000390010624501070014526000370025227000390028930000260032850000420035465000170039665000110041370000030042420170124110157.0 a690344 c00.00a0912776056 a690344 bCen Lib/Ret aDPLbEN a181.432bBHA aBhaktivedanta, S. Prabhupada, A.C. aThe nectar of devotion :cby A.C.Bhaktivedanta, S. Prabhupadabhe complete science of Bhakti Yoga, / aLos Angeles bIskcon Booksc1970 a3764,Wasteka Avenue bLos Angeles  axxiv,415p. c22cm(Hb) aIncludes glossary reference and index aYoga, Bhakti aBhakti